| 000 | 00349nam a22001337a 4500 | ||
|---|---|---|---|
| 040 | _cJohn Wiley | ||
| 082 |
_a510 K _b9211 A |
||
| 100 | _aKreyszig, Erwin | ||
| 245 | _aAdvanced Engineering Mathematics 5th Edition | ||
| 250 | _a5th Ed. | ||
| 260 |
_aNew York _bJohn Wiley & Sons _c1983 |
||
| 300 |
_axvii, 988p. _c26cm. |
||
| 942 |
_2ddc _cBK _e5th ed. |
||
| 999 |
_c616474 _d616474 |
||